Zváracie procesy a zariadenia : Učebný text pre vyšší zváračský personál

Uložené v:
Podrobná bibliografia
Hlavní autori: Bezák, Ján (Autor), Koleno, Anton (Autor), Vitáloš, Ivan (Autor), Blaškovitš, Pavol (Autor), Galbo, Štefan (Autor), Kolenič, František, 1949- (Autor), Dřímal, Daniel, 1979- (Autor), Klamár, Ján (Autor), Jurišica, Ladislav, 1942- (Autor), Koleňák, Roman, 1973- (Autor), Kratochvíl, Miroslav (Autor)
Médium: Kniha
Jazyk:Slovak
Vydavateľské údaje: Bratislava : Prvá zváračská, 2011
Vydanie:1. vyd.
Predmet:
Tagy: Pridať tag
Žiadne tagy, Buďte prvý, kto otaguje tento záznam!

MARC

LEADER 00000nam a22000003a 4500
001 stu253860
005 20220317185322.0
008 120903s--------xo------------------slo-d
020 |a 978-80-89421-01-5 
040 |a STU  |b slo 
041 0 |a slo 
044 |a xo 
080 |a 621.7 
100 1 |a Bezák, Ján  |4 aut  |9 9 
245 1 |a Zváracie procesy a zariadenia :  |b Učebný text pre vyšší zváračský personál 
250 |a 1. vyd. 
260 |a Bratislava :  |b Prvá zváračská,  |c 2011 
300 |a 283 s 
650 7 |a zváracie procesy  |2 stusub 
650 7 |a zariadenia  |2 stusub 
700 1 |a Koleno, Anton  |4 aut  |9 9 
700 1 |a Vitáloš, Ivan  |4 aut  |9 9 
700 1 |a Blaškovitš, Pavol  |4 aut  |u M3000  |9 9  |U MTF Materiálovotechnologická fakulta  |T MTF Ústav výrobných technológií  |X 1487  |U M3000  |Y 83  |7 A000001487 
700 1 |a Galbo, Štefan  |4 aut  |9 9 
700 1 |a Kolenič, František,  |d 1949-  |4 aut  |9 9  |X 5232  |7 A000005232 
700 1 |a Dřímal, Daniel,  |d 1979-  |4 aut  |u M980  |9 9  |T MTF Externí pracovníci  |X 41646  |U M980  |Y M980  |7 A000041646 
700 1 |a Klamár, Ján  |4 aut  |9 9 
700 1 |a Jurišica, Ladislav,  |d 1942-  |4 aut  |u E010  |9 9  |T FEI Ústav riadenia a priemyselnej informatiky  |X 2099  |U E010  |Y E010  |7 A000002099 
700 1 |a Koleňák, Roman,  |d 1973-  |4 aut  |u M3000  |9 10  |U MTF Materiálovotechnologická fakulta  |T MTF Ústav výrobných technológií  |X 2767  |U M3000  |Y 83  |7 A000002767 
700 1 |a Kratochvíl, Miroslav  |4 aut  |9 9 
996 |b 284M081527  |c M*13295-1  |l MMST  |s A  |a 24  |w stu253860_0002 
996 |b 284M081528  |c M*13295-2  |l MMKN  |s A  |a 24  |w stu253860_0003 
996 |b 284M081531  |c M*13295-5  |l MMST  |s A  |a 24  |w stu253860_0004 
996 |b 284M081529  |c M*13295-3  |l MMST  |s A  |a 24  |w stu253860_0005